00759nam a2200181 a 450000100100000000500170001000800410002704000250006808200160009310000220010924501190013126000460025030000210029650000230031770000330034095201870037399900170056000003539520200930074318.0111031s1962 ag 000 0 spa d aDO-SdBNPbspacBNPHU axxxxbK821i1 aKon, I. S.96121913aEl idealismo filosofico y la crisis en el pensamiento histórico. /cI. S. Kon ; tradujo del ruso Patricio Canto. aBuenos Aires :bEditorial Platina,c1962. a393 p. ;c20 cm. aTraducido del ruso1 aCanto, Patricio,etr.913642 001050718MOaGRbGRcCTd2011-10-31iLF1l0oxxxx K821ip35395-10r2020-06-25w2020-06-25y1zPerteneció a la biblioteca personal de Juan Isidro Jimenes -GrullónZNo se presta c34886d34886